ბათუმის შოთა რუსთაველის სახელმწიფო უნივერსიტეტის ბიბლიოთეკა

პოლიტოლოგია : (პოლიტიკური ტექნოლოგიები) : (ბიბ.ჩანაწერი № 59509)

000 -ლიდერი
ფიქსირებული სიგრძის საკონტროლო ველი 01549nam a22002417a 4500
003 - საკონტროლო ნომრის იდენტიფიკატორი
საკონტროლო ველი Ge_BSU
005 - ბოლო ოპერაციის თარიღი და დრო
საკონტროლო ველი 20230306125409.0
008 - ფიქსირებული სიგრძის მონაცემთა ელემენტები - ზოგადი ინფორმაცია
ფიქსირებული სიგრძის საკონტროლო ველი 230306s2001 ge ||||| |||| 00| 0 geo d
020 ## - წიგნის საერთაშორისო სტანდარტული ნომერი
International Standard Book Number 99286127X
041 ## - ენის კოდი
Language code of text/sound track or separate title geo
080 ## - უნივერსალური ათობითი კლასიფიკაციის ინდექსი
Universal Decimal Classification number 32(075) შ-93
100 ## - მთავარი ჩანაწერი - პიროვნების სახელი
Personal name შუბითიძე, ვაჟა
9 (RLIN) 6107
245 ## - ცნობა სათაურის შესახებ
Title პოლიტოლოგია : (პოლიტიკური ტექნოლოგიები) :
Remainder of title დამხმ. სახელმძღვანელო /
Statement of responsibility, etc ვაჟა შუბითიძე, ოთარ ქოჩორაძე ; რედ. გურამ აბესაძე ; საქ. უშიშროების სამინ. აკადემია, საზ. მეცნიერებათა კათედრა.
264 ## - წარმოების, გამოცემის, დისტრიბუციის და სხვა ცნობები
გამოცემის, წარმოების, დისტრიბუციის... ადგილი თბილისი :
გამოცემის, წარმოების, დისტრიბუციის... სახელწოდება სუს აკადემიის გამ–ბა,
გამოცემის, წარმოების, დისტრიბუციის... თარიღი 2001.
300 ## - ფიზიკური აღწერა
Extent 264 გვ. ;
Other physical details 20 სმ.
501 ## - შენიშვნა თანმხლებ მასალაზე
With note პოლიტოლოგიურ ცნებათა მოკლე ლექსიკონი: გვ. 254–263.
504 ## - BIBLIOGRAPHY, ETC. NOTE
Bibliography, etc ბიბლიოგრ.: გვ. 251–253.
653 ## - INDEX TERM--UNCONTROLLED
Uncontrolled term პოლიტოლოგია
700 ## - ADDED ENTRY--PERSONAL NAME
Personal name ქოჩორაძე, ოთარ
Relator term ავტორი
9 (RLIN) 17107
700 ## - ADDED ENTRY--PERSONAL NAME
Personal name აბესაძე, გურამ
Relator term რედაქტორი
9 (RLIN) 17108
710 ## - ADDED ENTRY--CORPORATE NAME
Corporate name or jurisdiction name as entry element საქ. უშიშროების სამინ. აკადემია. საზ. მეცნიერებათა კათედრა.
9 (RLIN) 17109
942 ## - ADDED ENTRY ELEMENTS (KOHA)
Source of classification or shelving scheme
Koha item type წიგნი
ეგზემპლარები
ჩამოწერის სტატუსი დაკარგული ეგზემპლარის სტატუსი კლასიფიკაციის წყარო ან თაროზე გაწყობის სქემა დაზიანების სტატუსი არ გაიცემა მუდმივი მდებარეობა (დაცვის ადგილი) ამჟამინდელი ადგილსამყოფელი თაროზე განთავსების ადგილი შეძენის თარიღი ღირებულება, შესყიდვის ნორმალური ფასი სრული შენახვის შიფრი შტრიხკოდი ბოლო ოპერაციის თარიღი ეგზემპლარის მიმდევრობითი ნომერი (კეტერი?) ფასის ძალაში შესვლის თარიღი ეგზემპლარის სახეობა საჯარო შენიშვნა
          ბათუმის შოთა რუსთაველის სახელმწიფო უნივერსიტეტის მთავარი ბიბლიოთეკა ბათუმის შოთა რუსთაველის სახელმწიფო უნივერსიტეტის მთავარი ბიბლიოთეკა წიგნსაცავი 2023-03-06 6.00 32(075) შ-93 63954 2023-03-06 63954 2023-03-06 წიგნი 6 ლ.